000 00438nam a2200169Ia 4500
008 231221s9999 xx 000 0 und d
020 _a70598789
041 _aEnglish
082 _a001.6424JAV SCH2;16
100 _aSchildt, Herbert
245 0 _aJava : the complete reference, J2SE
250 _a5th ed.
260 _c2005
_bTata McGraw-Hill
_aNew Delhi
300 _axxx+1000
650 _aJava,:,reference,,J2SE
942 _cBC
999 _c202015
_d202015